000 01234nam a2200337 c 4500
999 _c51249
_d51249
003 BLK
005 20221214162113.0
008 180408b bul|||||r ||||||| ||bul||
010 _aKNG00055151000
040 _aBLK
041 _aBUL
_cBUL
080 _aФинландска литература
_b821.511.111
_x-93-32
_z821.511.111-93-32
100 1 _aЯнсон, Туве
_eпърви автор
_9365645
139 _aЯнсон, Туве
_bЯ 67
245 1 0 _aНевидимото дете
_cТуве Янсон; прев. от швед. Теодора Джебарова.
257 _aFIN
260 _aСофия
_bОтечество
_c1978
_fСофия : ДПК Д. Благоев
300 _a160 с.
_c22 см
380 _aDX
490 _aБиблиотека Вълшебници
_9202267
500 _aОриг. загл. Det osynliga barnet / Tove Jansson.
653 _aприказки
653 _aлитература за деца
653 _aдетска литература
700 1 _aДжебарова, Теодора
_eпрев. от швед.
_9365846
852 _aЦб 110444
_bЦб
856 4 _qpdf
_i0.00
_ldisable
856 4 _qpdf
_i0.00
_ldisable
942 _cKNG
_n0
_s1
944 _aCR
_c26.08.2005
_kЛюдмила_Стоянова
944 _aED
_c19.11.2005
944 _aED
_c2022-12-14
999 _d51249